00000000cam 2200000zi 4500
0019.958171
003CaOODSP
00520251211110326
006m     o  d f      
007cr bn|||||||||
008251211s1963    onc     o    f000 0 eng d
040 |aCaOODSP|beng|erda|cCaOODSP
043 |an-cn---
0861 |aEn58-27/5-63E-PDF
24500|aRecord low temperatures in Canada.
250 |aRevised November 1963.
264 1|aToronto, Ontario : |bMeteorological Branch, Department of Transport, |c1963.
300 |a1 online resource (1 unnumbered page).
336 |atext|btxt|2rdacontent
337 |acomputer|bc|2rdamedia
338 |aonline resource|bcr|2rdacarrier
4901 |aCDS ; |v#5-63
500 |aDigitized edition from print [produced by Environment and Climate Change Canada].
650 0|aAtmospheric temperature|zCanada|vObservations.
650 0|aClimatic extremes|zCanada|vObservations.
650 0|aLow temperatures|vObservations.
650 6|aTempérature atmosphérique|zCanada|vObservations.
650 6|aExtrêmes (Météorologie)|zCanada|vObservations.
650 6|aBasses températures|vObservations.
7101 |aCanada. |bMeteorological Branch, |eissuing body.
830#0|aCDS ;|vno. 5-63.|w(CaOODSP)9.932874
85640|qPDF|s182 KB|uhttps://publications.gc.ca/collections/collection_2025/eccc/en58/En58-27-5-63-eng.pdf